00842nam a2200253 a 450000100060000000300080000600500170001400800410003103500190007204000280009104100080011908200260012710000360015324500480018925000110023726000400024830000330028850400300032165000320035165000310038394200120041499900170042695201450044347722BD-RjUL20211209054358.0160810s1951 en a b 001 0 eng  a(BD-RjUL)47841 aDLCcOCdOCoLCdUkbeng aeng a338.644223bPLI 19511 aPlummer. Alfred,d1896-914495210aInternational combines in modern industry / a3d ed. aLondon :b Sir Isaac Pitman,c1951. aix, 309 p. :bill. ;c22 cm. aBibliography: p. 299-303. 0aTrusts, Industrial.9144953 0aHolding companies.9144954 2ddccBK c47722d47722 00102ddc40708NFICaRUCLbRUCLcStackd1956-01-10eSuimpkin Marshallg5.00l0o338.644 PLI 1951r2016-08-10 00:00:00tC-2w2016-08-10yBK